It looks like you're offline.
Open Library logo
additional options menu

MARC record from Internet Archive

LEADER: 01546cam 2200361Ia 4500
001 830406
005 20110108231043.0
008 001117s1798 fr 000 0 fre d
035 $a(OCoLC)ocn222951413
035 $a(NBYdb)830406
040 $aAU@$beng$cAU@$dIBV
043 $ae-fr---
049 $a[Case]IBVC$lbklr
099 $aFRC$a14623
100 1 $aBe zard, Franc ʹois-Sime on,$d1760-1849.
245 10 $aMotion d'ordre sur l'article du nouveau tarif des canaux d'Orle ans et de Loing, relatif aux charbons de bois /$cpar F. S. Bezard, membre du Conseil des cinq-cents ; se ance du 23 frimaire, an 7 de la Re publique franc ʹais.
260 $a[Paris] :$bBaudouin, imprimeur du Corps le gislatif et de l'Institut national, place du Carrousel, no. 662,$c[1798?]
300 $a3 p. ;$c20 cm.
500 $aCaption title.
500 $aImprint from colophon.
510 4 $aMartin & Walter. Re volution franc ʹaise,$cI, 3259
650 0 $aTariff$zFrance$vEarly works to 1800.
650 0 $aCharcoal$zFrance$vEarly works to 1800.
650 0 $aCanals$xTaxation$zFrance$zOrle ans$vEarly works to 1800.
651 0 $aFrance$xPolitics and government$y1789-1799.
651 0 $aFrance$xHistory$yDirectory, 1795-1799$vSources.
655 7 $aPamphlets$zFrance$zParis$y1798.$2aat
710 1 $aFrance.$bCorps le gislatif (1795-1814).$bConseil des cinq-cents.
700 1 $aBaudouin, Franc ʹois-Jean,$d1759-1838,$epublisher.
852 8 $bsc,frc$kCase$hFRC$i14623$t1
910 $adcf
994 $a01$bIBV
947 $aMARS$a20101004